Подробности
| 000 -МАРКЕР |
| контрольное поле |
01497nam0a2200325 4500 |
| 001 - ИДЕНТИФИКАТОР ЗАПИСИ |
| контрольное поле |
RU\NLR\BIBL_A\012518945 |
| 005 - ИДЕНТИФИКАТОР ВЕРСИИ |
| контрольное поле |
20250624055037.0 |
| 021 ## - НОМЕР ГОСУДАРСТВЕННОЙ РЕГИСТРАЦИИ |
| Код страны |
российская федерация |
| Номер |
2020-86418 |
| Номер Листа государственной регистраци |
КН-П-6575 |
| 035 ## - ДРУГИЕ СИСТЕМНЫЕ НОМЕРА |
| Идентификатор записи |
(RuMoRGB)010533422 |
| 035 ## - ДРУГИЕ СИСТЕМНЫЕ НОМЕРА |
| Идентификатор записи |
(NLR Aleph) 012518945 |
| 100 ## - ДАННЫЕ ОБЩЕЙ ОБРАБОТКИ |
| Данные общей обработки |
20210517d2020 |||y0rusy50 ca |
| 101 0# - ЯЗЫК РЕСУРСА |
| Язык текста, звукозаписи и т.д. |
английский |
| 102 ## - СТРАНА ПУБЛИКАЦИИ ИЛИ ПРОИЗВОДСТВА |
| Страна публикации |
российская федерация |
| 105 ## - ПОЛЕ КОДИРОВАННЫХ ДАННЫХ: ТЕКСТОВЫЕ МАТЕРИАЛЫ, МОНОГРАФИЧЕСКИЕ |
| Кодированные данные о монографическом текстовом документе |
a z 000zy |
| 200 1# - ЗАГЛАВИЕ И СВЕДЕНИЯ ОБ ОТВЕТСТВЕННОСТИ |
| Основное заглавие |
The cultural heritage sites VDNH, 1939-2019 |
| Первые сведения об ответственности |
[chief editor: Anton Grigoriev] |
| 210 ## - ПУБЛИКАЦИЯ, РАСПРОСТРАНЕНИЕ И ДР. |
| Место издания, распространения и т.д. |
Москва |
| Имя издателя, распространителя и т. д. |
ОСТ ПАК новые технологии |
| Дата издания, распространения и т.д. |
2020 |
| 215 ## - ФИЗИЧЕСКАЯ ХАРАКТЕРИСТИКА |
| Специфическое обозначение материала и объем |
105 с. |
| Другие сведения о физической характеристике |
ил., цв. ил. |
| Размеры |
30 |
| 541 1# - ПЕРЕВОД ЗАГЛАВИЯ, СДЕЛАННЫЙ КАТАЛОГИЗАТОРОМ |
| Заглавие |
Объекты культурного наследия ВДНХ, 1939-2019 гг. |
| 601 02 - НАИМЕНОВАНИЕ ОРГАНИЗАЦИИ КАК ПРЕДМЕТ |
| Начальный элемент ввода |
Выставка достижений народного хозяйства |
| Идентифицирующий признак |
Москва, город |
| Тематический подзаголовок |
Павильоны |
| -- |
Архитектура |
| Системный номер авторитетной/нормативной записи |
2360054 |
| Идентификатор авторитетной/нормативной записи |
RU\NLR\AUTH\6601631784 |
| 601 02 - НАИМЕНОВАНИЕ ОРГАНИЗАЦИИ КАК ПРЕДМЕТ |
| Начальный элемент ввода |
Выставка достижений народного хозяйства |
| Идентифицирующий признак |
Москва, город |
| Системный номер авторитетной/нормативной записи |
2244551 |
| Идентификатор авторитетной/нормативной записи |
RU\NLR\AUTH\6601577781 |
| 686 1# - ИНДЕКСЫ ДРУГИХ КЛАССИФИКАЦИЙ |
| Индекс |
Щ113(2Р=Рус)92Москва7 |
| 686 1# - ИНДЕКСЫ ДРУГИХ КЛАССИФИКАЦИЙ |
| Индекс |
У9(2)л6 |
| 702 #1 - ИМЯ ЛИЦА - ВТОРИЧНАЯ ОТВЕТСТВЕННОСТЬ |
| Код отношения |
Редактор |
| Графика поля |
Латинская |
| Материалы, к которым относится поле |
rus |
| Начальный элемент ввода |
Grigor'ev |
| Часть имени, кроме начального элемента ввода |
A. A. |
| Дополнения к именам, кроме дат |
литератор, история ВДНХ |
| Расширение инициалов личного имени |
Anton A. |
| Системный номер авторитетной/нормативной записи |
230522 |
| Идентификатор авторитетной/нормативной записи |
RU\NLR\AUTH\770230578 |
| 711 02 - НАИМЕНОВАНИЕ ОРГАНИЗАЦИИ - АЛЬТЕРНАТИВНАЯ ОТВЕТСТВЕННОСТЬ |
| Графика поля |
Латинская |
| Материалы, к которым относится поле |
eng |
| Начальный элемент ввода |
Exhibition of achievements of national economy |
| Идентифицирующий признак |
Moscow |
| Системный номер авторитетной/нормативной записи |
746739 |
| Идентификатор авторитетной/нормативной записи |
RU\NLR\AUTH\880541305 |
| 942 ## - ДОПОЛНИТЕЛЬНЫЕ ЭЛЕМЕНТЫ ЗАПИСИ (АБИС) |
| Тип экземпляра АБИС |
Книга |
| 980 ## - КОЛЛЕКЦИЯ |
| Название коллекции |
Национальная библиография |